[Event "HUN-chT 2019-20"]
[Site "Budapest"]
[Date "2019.11.16"]
[Round "1.59"]
[White "Juhasz, Barbara"]
[Black "Karacsonyi, Gellert"]
[Result "1/2-1/2"]
[WhiteElo "2190"]
[BlackElo "2302"]
[Annotator "NA"]
[PlyCount "85"]
[EventDate "2019.11.16"]
[EventType "team-tourn"]
[EventCountry "HUN"]
[SourceTitle "playchess.com"]
[Source "ChessBase"]
[SourceQuality "1"]

1. e4 c5 2. Nf3 Nc6 3. Bb5 g6 4. Bxc6 dxc6 5. d3 Bg7 6. h3 Nf6 7. Nc3 Nd7 8. Be3 e5 9. Qd2 Qe7 10. Bh6 f6 11. Bxg7 Qxg7 12. Nh2 Nf8 13. f4 exf4 14. Qxf4 Ne6 15. Qf2 O-O 16. O-O-O Nd4 17. Rde1 Be6 18. Nf3 Rad8 19. Kb1 b5 20. h4 Qf7 21. h5 g5 22. b3 h6 23. Nxd4 cxd4 24. Ne2 c5 25. Ng3 a5 26. Nf5 Kh7 27. g4 a4 28. e5 axb3 29. cxb3 c4 30. exf6 Qxf6 31. Rhf1 cxb3 32. axb3 Rc8 33. Qe2 Bxb3 34. Ne7 Bc2+ 35. Kb2 Qd6 36. Qe4+ Kg7 37. Nxc8 Qb4+ 38. Kc1 Qa3+ 39. Kd2 Qc3+ 40. Ke2 Bxd3+ 41. Qxd3 Re8+ 42. Kf2 Rf8+ 43. Ke2 1/2-1/2

[Event "HUN-chT 2019-20"]
[Site "Budapest"]
[Date "2019.11.16"]
[Round "1.60"]
[White "Szamoskozi, Gabor"]
[Black "Kecskemeti, Arpad"]
[Result "1/2-1/2"]
[WhiteElo "2247"]
[BlackElo "2240"]
[Annotator "NA"]
[PlyCount "83"]
[EventDate "2019.11.16"]
[EventType "team-tourn"]
[EventCountry "HUN"]
[SourceTitle "playchess.com"]
[Source "ChessBase"]
[SourceQuality "1"]

1. e4 c5 2. Nf3 d6 3. d4 cxd4 4. Nxd4 Nf6 5. Nc3 a6 6. Be2 e5 7. Nb3 Be6 8. O-O Be7 9. f4 exf4 10. Bxf4 Nc6 11. Kh1 O-O 12. Nd4 Ne5 13. Nf5 Bxf5 14. exf5 Qb6 15. Rb1 Rac8 16. h3 Rfe8 17. Bf3 Nxf3 18. Qxf3 d5 19. Be5 d4 20. Qf2 Bc5 21. Na4 Ne4 22. Qf4 Qc6 23. Nxc5 Qxc5 24. Qxe4 Rxe5 25. Qxb7 Rxf5 26. c3 dxc3 27. bxc3 h6 28. Qxa6 Rxf1+ 29. Rxf1 Qxc3 30. a4 Re8 31. Qb5 Re1 32. Rxe1 Qxe1+ 33. Kh2 Qd2 34. Qb8+ Kh7 35. Qc7 f5 36. a5 f4 37. Qe5 g5 38. Qe4+ Kg7 39. a6 f3 40. Qxf3 Qd6+ 41. Qg3 Qxa6 42. Qc7+ 1/2-1/2

[Event "HUN-chT 2019-20"]
[Site "Budapest"]
[Date "2019.11.17"]
[Round "2.1"]
[White "Mihok, Oliver"]
[Black "Vovk, Andriy"]
[Result "1-0"]
[WhiteElo "2559"]
[BlackElo "2607"]
[Annotator "TA"]
[PlyCount "57"]
[EventDate "2019.11.16"]
[EventType "team-tourn"]
[EventCountry "HUN"]
[SourceTitle "playchess.com"]
[Source "ChessBase"]
[SourceQuality "1"]

{[%evp 24,57,50,58,47,58,60,34,53,32,31,25,27,16,75,79,72,41,110,104,233,198,159,180,762,757,728,697,1526,996,964,989,897,970,928,904]} 1. e4 c5 2. Nf3 d6 3. d4 cxd4 4. Nxd4 Nf6 5. Nc3 Nc6 6. Bg5 e6 7. Qd2 a6 8. O-O-O Bd7 9. f4 b5 10. Bxf6 gxf6 11. Kb1 Qb6 12. Nxc6 Bxc6 13. f5 Qc5 {B67: Sicilian: Richter-Rauzer: 7...a6 8 0-0-0 Bd7, lines without 9 f4 Be7} (13... h5 14. fxe6 fxe6 15. Bd3 O-O-O 16. Ne2 Qc5 17. Rhf1 Qe5 18. Qe3 Kb7 19. Nd4 Bd7 20. c3 Be7 21. Bc2 {1-0 (41) Anand,V (2764)-Caruana,F (2819) Paris 2019}) 14. Bd3 h5 15. fxe6 fxe6 {White is slightly better.} 16. Rhf1 b4 17. Ne2 Bh6 18. Qe1 $1 Kf7 (18... Ke7 $11 {keeps the balance.}) 19. b3 $146 ({Predecessor:} 19. Nf4 Bxf4 20. Rxf4 {1-0 (45) Villanueva,M (2425)-Vovk,A (2633) chess.com INT 2017}) 19... Ke7 20. g3 a5 {[#]} ({Black should try} 20... Rhg8 $14) 21. Bc4 $1 Bb5 ({Don't blunder} 21... Bxe4 $2 22. Nc3 $18) (21... a4 $16 {was necessary.}) 22. Bxb5 $18 Qxb5 23. Nd4 $36 {[%mdl 2048] White has strong initiative.} ({Resist} 23. Qf2 $6 Rhf8 $14) 23... Qc5 $2 {[#]} (23... Qa6 24. Qf2 Raf8) 24. e5 $1 {[%cal Re5d6][%mdl 512] White is clearly winning.} fxe5 (24... Qxe5 25. Nc6+) 25. Qe4 {Qb7+ would kill now.} Bf4 {and the idea ...d5 leaves Black hopeful.} 26. Rxf4 exf4 27. Qxe6+ Kd8 28. Qf6+ {[%mdl 64] Double Attack} Kd7 29. Qg7+ {Accuracy: White = 78%, Black = 29%.} 1-0

[Event "HUN-chT 2019-20"]
[Site "Budapest"]
[Date "2019.11.17"]
[Round "2.2"]
[White "Vovk, Yuri"]
[Black "Kovacevic, Aleksandar"]
[Result "1/2-1/2"]
[WhiteElo "2577"]
[BlackElo "2476"]
[Annotator "TA"]
[PlyCount "115"]
[EventDate "2019.11.16"]
[EventType "team-tourn"]
[EventCountry "HUN"]
[SourceTitle "playchess.com"]
[Source "ChessBase"]
[SourceQuality "1"]

{[%evp 13,115,20,42,0,4,10,14,2,0,0,0,0,22,17,23,17,20,15,2,7,0,2,14,7,0,0,0,-10,-9,-54,-56,-125,-116,-125,-120,-130,-9,-8,-10,-11,-10,-9,-6,-14,-10,-18,-10,-8,-5,-8,0,0,0,-8,0,0,0,4,8,0,8,8,8,0,3,8,0,0,0,0,0,0,0,0,0,0,65,65,65,65,65,8,18,18,17,0,0,0,0,0,0,0,0,0,0,0,0,0,0,0,0,0,0,0]} 1. e4 c5 2. Nf3 d6 3. d4 cxd4 4. Nxd4 Nf6 5. Nc3 a6 6. h3 e5 7. Nde2 b5 8. g4 {B90: Sicilian Najdorf: Unusual White 6th moves, 6 Be3 Ng4 and 6 Be3 e5} (8. Ng3 Nbd7 9. Bg5 h6 10. Be3 Bb7 11. Bd3 h5 12. Bg5 g6 13. O-O Be7 14. a3 h4 15. Nge2 Nc5 16. Bxf6 Bxf6 {1-0 (48) Dominguez Perez,L (2739)-Vachier Lagrave,M (2779) chess.com INT 2018}) 8... b4 9. Nd5 Nxd5 10. Qxd5 Ra7 11. Be3 Be6 12. Qd2 Rb7 13. Bg2 Be7 14. O-O O-O $146 ({Predecessor:} 14... h5 15. g5 h4 {½-½ (26) Julian,S (1993)-Narendran,G (2156) Metz 2019}) 15. f4 Nc6 16. b3 exf4 17. Nxf4 Qc8 18. Nh5 {next Bh6! is good for White.} Ne5 19. Bh6 Qc5+ $1 20. Kh1 Nxg4 21. hxg4 gxh6 22. e5 (22. Qxh6 $15 Qg5 23. Qxg5+ Bxg5 24. Rad1) 22... Rb5 $17 23. Rae1 Bg5 24. Nf6+ {[#]} Bxf6 (24... Kg7 $1 $17 25. Nh5+ (25. Qd3 Bxf6 26. exf6+ Kh8 $17) 25... Kh8) 25. Rxf6 $11 Qc3 26. Qxc3 bxc3 27. exd6 Rd8 28. Rxh6 Rxd6 29. Be4 Rd2 30. Rh3 Bxg4 31. Rxc3 Rh5+ 32. Kg1 Rg5 33. Rg3 h5 34. Rg2 Rd6 {And now ...Re6 would win.} 35. Bd3 Kf8 36. b4 a5 37. b5 Rc5 38. Rf2 Be6 39. a4 Rg5+ 40. Kh2 Rg4 41. Re4 Rxe4 42. Bxe4 {[%mdl 4096] Endgame KRB-KRB} Rd4 {[%mdl 64] Double Attack} 43. Bg2 Rh4+ 44. Kg1 Rxa4 ({Better is} 44... Rb4 $11) 45. b6 $1 $14 Rb4 46. b7 {[%mdl 1024] White has compensation.} Ke7 {[#]} 47. c3 (47. Rf4 $1 $14 {[%mdl 512]} Rb1+ (47... Rxf4 48. b8=Q) 48. Rf1) 47... Rb3 {The position is equal.} 48. Rf4 {aiming for Rb4!} Kd6 {[#]} 49. Rb4 $1 {[%mdl 512]} Rxb4 (49... axb4 50. b8=Q+) 50. cxb4 $11 {KB-KB} Kc7 51. bxa5 Bc4 52. Kh2 Ba6 53. Kg3 Bxb7 54. Bxb7 Kxb7 55. Kh4 Ka6 56. Kxh5 Kxa5 57. Kg5 f6+ 58. Kxf6 {Accuracy: White = 56%, Black = 67%.} 1/2-1/2

[Event "HUN-chT 2019-20"]
[Site "Budapest"]
[Date "2019.11.17"]
[Round "2.4"]
[White "Nenezic, Marko"]
[Black "Farkas, Tibor"]
[Result "1-0"]
[WhiteElo "2524"]
[BlackElo "2274"]
[Annotator "TA"]
[PlyCount "91"]
[EventDate "2019.11.16"]
[EventType "team-tourn"]
[EventCountry "HUN"]
[SourceTitle "playchess.com"]
[Source "ChessBase"]
[SourceQuality "1"]

{[%evp 18,91,29,24,45,40,39,10,66,66,68,61,73,55,101,84,120,112,110,106,127,116,129,116,114,127,125,114,149,146,168,112,119,135,126,125,147,147,130,125,117,95,111,114,120,101,567,567,567,567,567,567,567,567,567,567,534,559,552,473,535,504,587,565,602,598,578,567,677,678,671,654,619,609,599,545]} 1. Nf3 Nf6 2. c4 g6 3. Nc3 c5 4. e4 Nc6 5. d4 cxd4 6. Nxd4 Nxd4 7. Qxd4 d6 8. Be2 Bg7 9. Bg5 O-O 10. Qd2 a5 {B36: Sicilian: Maroczy Bind: Gurgenidze System} 11. Rd1 (11. O-O a4 12. f3 Be6 13. Rfc1 Qa5 14. Rab1 Rfc8 15. b4 axb3 16. axb3 Qb4 17. Rc2 Ra3 18. Nb5 Qxd2 19. Rxd2 {0-1 (65) Shimanov,A (2614)-Gabuzyan,H (2613) Chicago 2019}) 11... Be6 12. b3 Nd7 (12... a4 $11) 13. Nb5 $14 Nc5 $146 ({Predecessor:} 13... a4 14. O-O axb3 15. axb3 Nc5 16. Qe3 Bd7 17. Nxd6 Ne6 18. Nb5 Nxg5 19. Qxg5 {1-0 (76) Nenezic,M (2430)-Boskovic,D (2438) Palic 2014}) 14. Qe3 f6 15. Bh4 Qb6 16. O-O Rfc8 17. f4 Bh6 18. Bf2 Qd8 19. Qf3 Bg7 20. f5 Bf7 21. fxg6 Bxg6 22. Nc3 Qe8 23. Qh3 Kh8 24. Bg4 (24. Rfe1 $18) 24... Nxe4 $16 25. Nxe4 Bxe4 26. Rfe1 f5 27. Bxf5 Bxf5 28. Qxf5 a4 29. Rd3 axb3 30. axb3 Rc7 31. Bh4 $40 {[%mdl 128] Black is in trouble.} Ra1 $2 {[%mdl 8192]} (31... Ra2 $16 {is tougher.}) 32. Rxa1 $18 {White is clearly winning.} Bxa1 33. Qa5 $1 {[%csl LRa1,LRc7][%mdl 64] [#] Double Attack} Bf6 34. Qxc7 ({Weaker is} 34. Bxf6+ exf6 35. h3 Rd7 $16) 34... Bxh4 35. Qxb7 {[%mdl 4096] Endgame KQR-KQB} Qh5 36. Qa8+ Kg7 37. Qf3 Qc5+ 38. Qe3 Qf5 {Black hopes to continue with ...Bf2+.} 39. g3 Bg5 40. Qf3 Qc5+ 41. Kg2 Bf6 42. Rd5 Qa3 43. Qg4+ Kf7 44. Rh5 Qb2+ 45. Kh3 Qc2 {[#]} 46. Qf5 $1 {Accuracy: White = 81%, Black = 42%.} 1-0

[Event "HUN-chT 2019-20"]
[Site "Budapest"]
[Date "2019.11.17"]
[Round "2.5"]
[White "Hajnal, Zoltan"]
[Black "Nagy, Gabor"]
[Result "1/2-1/2"]
[WhiteElo "2386"]
[BlackElo "2489"]
[Annotator "TA"]
[PlyCount "62"]
[EventDate "2019.11.16"]
[EventType "team-tourn"]
[EventCountry "HUN"]
[SourceTitle "playchess.com"]
[Source "ChessBase"]
[SourceQuality "1"]

{[%evp 11,62,13,31,23,25,22,31,24,26,31,30,33,34,35,33,33,33,25,31,30,31,27,30,12,27,19,45,28,56,50,45,51,51,42,50,49,54,61,60,0,0,0,0,0,0,0,0,0,0,0,0,0,0]} 1. e4 c5 2. Nf3 Nc6 3. Nc3 e6 4. d4 cxd4 5. Nxd4 Nf6 6. Ndb5 Bc5 7. Nd6+ {B45: Sicilian Four Knights} (7. Bf4 O-O 8. e5 a6 9. Nd6 Bxd6 10. Qxd6 Qb6 11. exf6 Qxb2 12. Kd2 Qxa1 13. Bh6 Re8 14. fxg7 Ne7 15. g4 {1-0 (30) Dubov,D (2703)-Basso,P (2521) Skopje 2019}) 7... Ke7 $1 8. Bf4 e5 9. Nf5+ {White is slightly better.} Kf8 10. Bg5 d6 11. Ne3 Be6 12. Bd3 h6 13. Bxf6 Qxf6 14. O-O Qd8 $146 ({Predecessor:} 14... Ne7) 15. Ncd5 g6 16. c3 Kg7 17. Kh1 Rc8 (17... Bxe3 $5 18. fxe3 Rf8 $11) 18. Qe2 Ne7 19. Bc4 Bxe3 20. Nxe3 Bxc4 21. Nxc4 Qc7 22. Ne3 Rhf8 23. Rad1 f5 24. exf5 Nxf5 25. f4 ({White should try} 25. Rd2 $14) 25... Rce8 $11 {The position is equal.} 26. fxe5 Rxe5 27. Nxf5+ Rfxf5 28. Qd3 Rxf1+ 29. Rxf1 Qe7 30. Qd4 b6 31. Kg1 Kh7 {Accuracy: White = 80%, Black = 83%.} 1/2-1/2

[Event "HUN-chT 2019-20"]
[Site "Budapest"]
[Date "2019.11.17"]
[Round "2.6"]
[White "Izsak, Gyula"]
[Black "Saric, Sinisa"]
[Result "1/2-1/2"]
[WhiteElo "2424"]
[BlackElo "2401"]
[Annotator "RC"]
[PlyCount "61"]
[EventDate "2019.11.16"]
[EventType "team-tourn"]
[EventCountry "HUN"]
[SourceTitle "playchess.com"]
[Source "ChessBase"]
[SourceQuality "1"]

1. d4 Nf6 2. c4 g6 3. Nc3 Bg7 4. Nf3 O-O 5. g3 b6 6. Bg2 Bb7 7. O-O Ne4 8. Bd2 Nxd2 9. Qxd2 c5 10. Rad1 cxd4 11. Nxd4 Bxg2 12. Kxg2 Qc8 13. b3 Nc6 14. Nxc6 dxc6 15. Qc2 Qc7 16. Rd3 Rfd8 17. Rfd1 Rxd3 18. Qxd3 Bxc3 19. Qxc3 Rd8 20. Rd3 Rxd3 21. Qxd3 Qd6 22. Qe3 f6 23. f3 Kf7 24. Qh6 Kg8 25. Qe3 Kf7 26. Qh6 Kg8 27. Qe3 Kf7 28. Qh6 Kg8 29. Qe3 Kf7 30. Qh6 Kg8 31. Qe3 1/2-1/2

[Event "HUN-chT 2019-20"]
[Site "Budapest"]
[Date "2019.11.17"]
[Round "2.7"]
[White "Tatar Kis, Szabolcs"]
[Black "Szabo, Bence"]
[Result "1/2-1/2"]
[WhiteElo "2376"]
[BlackElo "2353"]
[Annotator "RC"]
[PlyCount "77"]
[EventDate "2019.11.16"]
[EventType "team-tourn"]
[EventCountry "HUN"]
[SourceTitle "playchess.com"]
[Source "ChessBase"]
[SourceQuality "1"]

1. Nf3 d5 2. c4 d4 3. g3 Nc6 4. Bg2 e5 5. O-O Nf6 6. d3 a5 7. e3 Be7 8. exd4 exd4 9. Na3 Nd7 10. Re1 Nc5 11. Nb5 O-O 12. Bf4 Ne6 13. Rxe6 fxe6 14. Bxc7 Qd7 15. Qe2 Ra6 16. h4 Bf6 17. Bf4 Na7 18. a4 Nc6 19. Re1 Qd8 20. Bc7 Qd7 21. c5 Na7 22. Bd6 Nxb5 23. Bxf8 Kxf8 24. axb5 Qxb5 25. Qe4 Kg8 26. Ng5 Bxg5 27. hxg5 Qxc5 28. g6 hxg6 29. Qxg6 Bd7 30. Be4 e5 31. Qh7+ Kf7 32. Qh5+ Kg8 33. Bg6 Kf8 34. Qh8+ Ke7 35. Qxg7+ Kd6 36. Qf8+ Kc6 37. Qxc5+ Kxc5 38. Rxe5+ Kd6 39. Re4 1/2-1/2

[Event "HUN-chT 2019-20"]
[Site "Budapest"]
[Date "2019.11.17"]
[Round "2.8"]
[White "Toth, Ervin"]
[Black "Horvath, Zsolt"]
[Result "1-0"]
[WhiteElo "2439"]
[BlackElo "2396"]
[Annotator "TA"]
[PlyCount "80"]
[EventDate "2019.11.16"]
[EventType "team-tourn"]
[EventCountry "HUN"]
[SourceTitle "playchess.com"]
[Source "ChessBase"]
[SourceQuality "1"]

{[%evp 26,80,9,-21,0,-5,0,0,22,30,25,25,25,17,12,21,26,0,12,14,0,-68,-61,-129,-63,-132,-134,-122,-120,-204,-192,-241,-240,-240,-240,-231,-230,-229,-239,-276,-202,-292,-300,-562,-571,-698,-693,-719,-720,-673,-323,-270,-113,-104,5202,5189,29996]} 1. d4 Nf6 2. c4 e6 3. Nc3 Bb4 4. a3 Bxc3+ 5. bxc3 O-O 6. e3 d5 7. cxd5 exd5 8. Bd3 c5 9. Ne2 b6 10. O-O Ba6 11. f3 Bxd3 12. Qxd3 Re8 13. Ng3 Nc6 14. Ra2 Rc8 {E49: Nimzo-Indian: Rubinstein: 5 Bd3 d5 6 a3 Bxc3+ 7 bxc3} (14... Qd7 15. Re2 h5 16. Bb2 Rad8 17. Nf5 g6 18. Ng3 Re6 19. Rfe1 cxd4 20. cxd4 Ne7 21. e4 h4 22. Nf1 {0-1 (50) Hakobyan,A (2545)-Inarkiev,E (2693) St Petersburg 2018}) 15. Re2 Rc7 16. Bb2 h5 $146 {The position is equal.} ({Predecessor:} 16... cxd4 17. cxd4 Rd7 18. Rc2 Na5 19. e4 Rc7 20. Re2 Nc4 21. Bc1 b5 22. Bg5 {1-0 (38) Panelo Munoz,M (2450)-Rios Parra,A (2308) La Pobla de Lillet 2010}) 17. e4 dxe4 18. fxe4 Ne5 19. Qb5 cxd4 20. cxd4 Nc4 21. d5 (21. e5 {is more complex.} Ng4 22. Rf3 h4 23. Nf1 Nf6 24. Ne3) 21... Nxb2 22. Qxb2 Qd6 23. Rfe1 ({Better is} 23. Nf5 $11 Qc5+ 24. Kh1) 23... Qe5 $36 {[%mdl 2048] Black fights for an advantage.} 24. Qd2 (24. Qxe5 $15 Rxe5 25. d6) 24... g6 (24... Rc4 $17 25. Qd1 Rec8) 25. Re3 ({White should try} 25. Nf5 $1 $15) 25... h4 $17 26. Nf1 Rc4 {[%cal Rf6e4]} 27. d6 (27. Qd3 $17 {might work better.} Rd4 28. Qc2) 27... Rd4 $19 (27... Rxe4 28. Rxe4 Nxe4 29. Qb4 $17) 28. Rd3 Rxd3 ({Resist} 28... Rxe4 29. Rxe4 Nxe4 30. Qe3 $17) 29. Qxd3 Rd8 30. Qh3 Rxd6 31. Qxh4 Rd3 {Strongly threatening ...g5.} 32. h3 Kg7 33. a4 (33. Re3 $142 Qd4 34. Qf2) 33... Rd4 34. Ng3 $2 (34. Qg3 {keeps fighting.} Qc5 35. Qe3) 34... Rxa4 35. Re3 Ra1+ 36. Kf2 Ra2+ 37. Kg1 Qd4 (37... Qb2 $142 {[%csl Ga2][%cal Rb2g2]} 38. Re2 Ra1+ 39. Kf2 Qe5) 38. Qg5 {[#]} Ra5 (38... Kf8 $1 $19 {and Black stays clearly on top. Hoping for ...Qd2!} 39. Kh2 {[#]} Qd2 $1 {[%mdl 512]}) 39. e5 $17 {Black must now prevent Nf5+.} Qa1+ $2 {[%mdl 8192]} (39... Nh7 $17 40. Nf5+ Kh8 41. Nxd4 Nxg5) 40. Kh2 $18 {White threatens Nf5+ and mate.} Ng8 {Accuracy: White = 30%, Black = 40%.} 1-0

[Event "HUN-chT 2019-20"]
[Site "Budapest"]
[Date "2019.11.17"]
[Round "2.9"]
[White "Szalai, Kornel"]
[Black "Krizsany, Laszlo"]
[Result "1/2-1/2"]
[WhiteElo "2380"]
[BlackElo "2414"]
[Annotator "RC"]
[PlyCount "69"]
[EventDate "2019.11.16"]
[EventType "team-tourn"]
[EventCountry "HUN"]
[SourceTitle "playchess.com"]
[Source "ChessBase"]
[SourceQuality "1"]

1. Nf3 d5 2. d4 c5 3. c4 dxc4 4. d5 e6 5. e4 Nf6 6. Nc3 exd5 7. e5 Ne4 8. Nxe4 dxe4 9. Qxd8+ Kxd8 10. Ng5 Be6 11. Nxe6+ fxe6 12. Bxc4 Nc6 13. Bf4 Nd4 14. O-O-O Kc7 15. Rhe1 b5 16. Bf1 Rd8 17. Bg5 Rd7 18. Rxe4 Kc6 19. Be3 Be7 20. Bxd4 Rhd8 21. Bd3 Rxd4 22. Kc2 h6 23. g3 c4 24. Rxd4 Rxd4 25. Bg6 Rxd1 26. Kxd1 Kd5 27. h4 Kxe5 28. f3 Kd4 29. h5 Bf6 30. Be4 Kc5 31. Kc2 Bd4 32. g4 e5 33. b3 c3 34. Kb1 Kb4 35. Bg6 1/2-1/2

[Event "HUN-chT 2019-20"]
[Site "Budapest"]
[Date "2019.11.17"]
[Round "2.10"]
[White "Persanyi, Barnabas"]
[Black "Udvardi, Zalan"]
[Result "0-1"]
[WhiteElo "2383"]
[BlackElo "2171"]
[Annotator "TA"]
[PlyCount "46"]
[EventDate "2019.11.16"]
[EventType "team-tourn"]
[EventCountry "HUN"]
[SourceTitle "playchess.com"]
[Source "ChessBase"]
[SourceQuality "1"]

{[%evp 9,46,8,24,0,12,22,7,12,9,7,12,21,8,20,20,-35,-43,-52,-42,-72,-47,-68,-29,-34,0,0,0,0,0,-50,-13,-94,-102,-444,-431,-469,-469,-1331,-1320]} 1. Nf3 c5 2. c4 Nc6 3. b3 e5 4. Bb2 e4 (4... d6 5. Nc3 g6 6. g3 Bg7 7. d3 Nge7 8. Bg2 h6 9. O-O O-O 10. Ne1 Be6 11. Nd5 Rb8 12. Nc2 b5 13. e3 bxc4 14. dxc4 f5 {½-½ (14) Maghsoodloo,P (2666)-Alekseev,E (2639) Bandar e Anzali 2019}) 5. Ng1 Nf6 6. Nc3 {A30: Symmetrical English: Double Fianchetto and Hedgehog} d5 7. cxd5 Nb4 8. Qb1 $146 {The position is equal.} ({Predecessor:} 8. e3 Nbxd5 9. Nxd5 Nxd5 10. Qc2 f5 11. a3 Be6 12. Bb5+ {1-0 (23) Yakubboev,N (2521)-Cadilhac,I (2286) Manavgat 2018}) 8... Bf5 9. e3 a6 10. a3 Nbxd5 11. Nge2 Be7 12. f3 (12. Ng3 $11 Nxc3 13. dxc3) 12... Nxc3 $15 13. Bxc3 Bg6 {Hoping for ...exf3.} 14. Qb2 exf3 15. gxf3 Qd5 16. Bg2 Qg5 17. Ng3 h5 {White must now prevent ...h4.} 18. f4 Qg4 $1 $36 {[%mdl 2048] And now ...h4 would win. Black has some pressure.} 19. Bxb7 (19. f5 $5 Bxf5 20. Nxf5 (20. Bxb7 Bd3 $11) 20... Qxf5 21. Bxb7 $11) 19... h4 (19... Bd3 $5 {[%cal Rh5h4]} 20. Bc6+ (20. Bxa8 h4 $11) 20... Kf8 21. Bxa8 h4 $11) 20. Ne2 {[#]} (20. Rg1 $11 Rb8 21. Ne2) 20... Bd3 $1 $17 {[%csl Gd3][%cal Rg4e2]} 21. Nc1 $2 {[%mdl 8192]} (21. Bc6+ $17 Kf8 22. Nc1) 21... Be4 $19 {Black is clearly winning.} 22. Bxe4 Nxe4 23. Nd3 ({Worse is} 23. Bxg7 {[#]} h3 $3 $19 {[%mdl 512]}) (23. Ne2 $142 h3 24. Rf1 Bh4+ 25. Kd1) 23... h3 {Accuracy: White = 39%, Black = 72%.} 0-1

[Event "HUN-chT 2019-20"]
[Site "Budapest"]
[Date "2019.11.17"]
[Round "2.11"]
[White "Juhasz, Barbara"]
[Black "Polyik, Peter"]
[Result "1-0"]
[WhiteElo "2190"]
[BlackElo "2327"]
[Annotator "TA"]
[PlyCount "113"]
[EventDate "2019.11.16"]
[EventType "team-tourn"]
[EventCountry "HUN"]
[SourceTitle "playchess.com"]
[Source "ChessBase"]
[SourceQuality "1"]

{[%evp 10,113,54,51,53,53,50,27,33,33,50,40,35,33,47,33,52,29,83,68,102,80,75,64,76,85,256,204,191,129,273,184,190,178,187,138,114,116,127,102,88,81,87,84,92,73,137,84,156,72,70,69,137,144,275,54,121,63,58,71,70,50,170,108,130,98,109,98,100,53,154,145,173,159,200,201,216,211,202,210,197,212,203,209,209,196,935,915,1069,1081,1041,872,872,858,1394,968,930,900,720,507,495,451,590,581,589,609]} 1. e4 g6 2. d4 Bg7 3. Nf3 d6 4. Bc4 e6 5. Bb3 Ne7 6. O-O b6 {B06: Modern Defence} 7. Re1 Nd7 8. Nbd2 Bb7 {White has an edge.} 9. Nf1 O-O 10. c3 h6 (10... c5 11. Ng3 Qc7 12. Bg5 Nc6 13. Qd2 {1-0 (52) Vachier Lagrave,M (2781)-Aronian,L (2765) London 2018}) 11. Ng3 Kh7 12. h3 a6 13. Bc2 Qb8 $146 (13... c5 $11) ({Predecessor:} 13... c5 14. Bf4 {1-0 (28) Bruzon Batista,L (2653)-Alvarez Pedraza,A (2496) Pamplona 2010}) 14. Be3 Qa7 15. Qd2 Rad8 16. Nh2 Qa8 17. h4 f5 $2 (17... Nf6 $16) 18. h5 {hxg6+ is the strong threat.} fxe4 {[#]} 19. hxg6+ (19. Nxe4 $1 $18 {[%mdl 512] Strongly threatening hxg6+.} Bxe4 20. Bxe4 Qxe4 21. Bg5 {[%mdl 64] Discovered Attack} Qxe1+ 22. Rxe1 hxg5 23. Rxe6) 19... Kxg6 (19... Nxg6 $16 20. Nh5 Rf5 21. Nxg7 Kxg7) 20. f3 {[%cal Rg3e4]} Nf6 21. fxe4 {Threatens to win with e5+.} e5 22. d5 Kh7 23. Rf1 Bc8 24. Bd1 Bd7 25. Be2 Qc8 26. c4 a5 27. b3 Be8 (27... Rg8 $142) 28. a3 (28. Qd3 $142) 28... Rg8 (28... Bg6 $142) 29. Bf3 ({White should try} 29. Bg5 Rf8 30. Ng4) 29... Bh8 30. Ne2 h5 (30... Bd7 $14) 31. Bg5 $16 Rg6 (31... Bd7 $16) 32. Kh1 $2 (32. Ng3 $18) 32... Bg7 (32... Bd7 $14) 33. Bh4 (33. Ng3 $16 h4 34. Nh5 (34. Bxh4 Bd7 $16)) 33... Bh6 $14 34. Qe1 Neg8 35. Ng3 Bf4 (35... Bd7 $1 $14) 36. Nf5 ({White should play} 36. Nxh5 $18 Nxh5 37. Bxh5) 36... Rd7 $16 37. g3 Bg5 38. Bg2 Ng4 39. Nf3 Bf6 (39... Bd8 $1 $14) 40. Bh3 Rf7 41. Qd2 $36 {[%mdl 2048] White has strong initiative.} Qd8 42. Bxf6 Qxf6 43. N3h4 $1 Qg5 44. Qe2 Rgf6 45. Nf3 Qg6 {[#]} 46. Qd2 $1 {Black must now prevent Ng5+.} Kh8 47. Ng5 {And now Bxg4 would win.} Rd7 $2 (47... N8h6 48. Nxf7+ Nxf7) 48. Bxg4 $18 {White is clearly winning.} hxg4 49. Kg2 {aiming for Rh1+.} Ne7 50. Rh1+ Kg8 51. Nh6+ Kg7 52. Ne6+ Rxe6 53. dxe6 Qxe6 54. Qg5+ Qg6 {[#]} 55. Qe3 $1 Rd8 {White should prevent ...Bc6.} 56. Raf1 Bc6 57. Rf7+ {Accuracy: White = 56%, Black = 39%.} 1-0

[Event "HUN-chT 2019-20"]
[Site "Budapest"]
[Date "2019.11.17"]
[Round "2.12"]
[White "Havanecz, Bianka"]
[Black "Kecskemeti, Arpad"]
[Result "1-0"]
[WhiteElo "2251"]
[BlackElo "2240"]
[Annotator "RC"]
[PlyCount "77"]
[EventDate "2019.11.16"]
[EventType "team-tourn"]
[EventCountry "HUN"]
[SourceTitle "playchess.com"]
[Source "ChessBase"]
[SourceQuality "1"]

1. Nf3 Nf6 2. g3 g6 3. b3 Bg7 4. Bb2 O-O 5. Bg2 d6 6. d4 Nbd7 7. h3 c6 8. O-O Re8 9. Nbd2 Qc7 10. a4 e5 11. dxe5 dxe5 12. e4 Bf8 13. Qe2 a5 14. Rfd1 b6 15. Nc4 Ba6 16. Nfd2 b5 17. axb5 cxb5 18. Ne3 Nc5 19. Qf3 Qb6 20. Nd5 Nxd5 21. exd5 Bg7 22. Qe3 f5 23. Kh2 b4 24. Ra2 Bb5 25. Nf3 Qd6 26. Rda1 a4 27. Rd1 f4 28. Qe1 e4 29. Nd4 Bd7 30. Qxb4 Be5 31. gxf4 Bxf4+ 32. Kh1 e3 33. Ne2 exf2 34. Nxf4 Re1+ 35. Rxe1 Qxf4 36. Qxf4 fxe1=Q+ 37. Kh2 Rf8 38. Qd4 Qe7 39. d6 1-0